Movies Quiz

Random Movies or Letter Quiz

Movies by Poster (A-Z) Quiz Stats

 Plays Quiz Updated Oct 17, 2018

Also try: Movie Posters
Challenge
Share
Tweet
Score 0/25 Timer 06:00
2 Plays Today
Letter Movie % Correct
AAvatar
96.3%
XX-Men
91.5%
JJaws
90%
WWilly Wonka & the Chocolate Factory
87.3%
C'Casablanca'
86.5%
KKung Fu Panda
81.6%
SS.W.A.T.
80.3%
IIron Man
80.2%
MMulan
79.9%
VV for Vendetta
77.1%
PPirates of the Caribbean: The Curse of the Black Pearl
76.3%
FFight Club
72.7%
GGhost
72%
Letter Movie % Correct
HZombieland
65.9%
TThe Terminator
56.2%
BBlazing Saddles
53%
LLegally Blonde
46.1%
DDazed and Confused
40.8%
UUptown Girls
40.5%
QQuantum of Solace
40.3%
NNapoleon Dynamite
36.4%
EEdward Scissorhands
25.6%
OO Brother Where Art Thou
18.4%
RRocky
15%
YYou've Got Mail
9%

You're not logged in!

Compare scores with friends on all Sporcle quizzes.
OR
Log In

You Might Also Like...

Show Comments

Extras

Top Quizzes Today


Score Distribution

Your Account Isn't Verified!

In order to create a playlist on Sporcle, you need to verify the email address you used during registration. Go to your Sporcle Settings to finish the process.

Report this User

Report this user for behavior that violates our Community Guidelines.

Details: